• 首页
  • 本馆介绍
  • 公告通知
  • 最新文献
  • 馆藏检索
  • 电子资源
  • 读者导购
  • 参考咨询
  • 我的图书馆
  • 登录
  • 详细信息显示
  • 放入我的书架
  • 预约/预借图书
  • 作者相关作品
  • 分类相关作品
  • 丛书相关作品
  • 出版社相关作品

书目信息

  • 表格格式
  • 工作单格式
  • 卡片格式
题名:
鲨案纪事
    
 
作者: 陈然 著
分册:  
出版信息: 重庆   科学技术文献出版社重庆分社  1982
页数: 155页
开本: 17cm
丛书名:
单 册:
中图分类: I247.7 , I217.7
科图分类:
主题词: 短篇小说--中国--现代--选集 , 文学--作品集--中国
电子资源:
ISBN:
000 00777nam0 2200277 45
001 1558576613
005 20150128102347.43
010    @dCNY0.50
091    @aCN@b17176.211
100    @a19950526d1982 em y0chiy0121 ea
101 0  @achi
102    @aCN@b510000
105    @af z 000ay
200 10 @a鲨案纪事@Asha an ji shi@f陈然著
210    @a重庆@c科学技术文献出版社重庆分社@d1982
215    @a155页@c插图@d17cm
517 1  @a鲨案纪事@Asha an ji shi
517 1  @a鲸腹余生@Ajing fu yu sheng
517 1  @a无岸河中的幽灵@Awu an he zhong de you ling
606    @a短篇小说@y中国@z现代@x选集
606 0  @a文学@x作品集@x中国
690    @aI247.7@v3
690    @aI217.7@v4
701  0 @a陈然@Achen ran@4著
801  0 @aCN@bTSSF@c20150128
905    @aZUCC@dI217.7@eJY65
    
    鲨案纪事/陈然著.-重庆:科学技术文献出版社重庆分社,1982
    155页:插图;17cm
    
    
    ISBN :CNY0.50
    
●
相关链接 在E读中查询图书 在五车中查询图书 在当当中查询图书 在豆瓣中查询图书


正题名:鲨案纪事     索取号:I217.7/JY65         预约/预借

序号 登录号 条形码 馆藏地/架位号 状态 备注
1 7837017   278370175   学院路分馆/ [索取号:I217.7/JY65] 在馆    
唐山师范学院图书馆 欢迎您!
大连网信软件有限公司© 版权所有